Sports Quiz

Random Sports or NBA Quiz

Timberwolves All-Stars Quiz Stats

 Plays Quiz not verified by Sporcle

Challenge
Share
Tweet
Embed
Score 0/18 Timer 05:00
0 Plays Today
Selections Player % Correct
15Kevin Garnett
98.1%
3Kevin Love
86.5%
1Sam Cassell
73.1%
4Latrell Sprewell
63.5%
2Stephon Marbury
48.1%
1Wally Szczerbiak
46.2%
1Mo Williams
42.3%
5Chauncey Billups
38.5%
1Tom Gugliotta
38.5%
Selections Player % Correct
1Christian Laettner
38.5%
2Terrell Brandon
30.8%
3Brandon Roy
21.2%
2Brad Miller
13.5%
1Andrei Kirilenko
11.5%
2Terry Porter
9.6%
3Antoine Walker
7.7%
1Theo Ratliff
7.7%
1Josh Howard
5.8%

You're not logged in!

Compare scores with friends on all Sporcle quizzes.
OR
Log In

You Might Also Like...

Show Comments

Extras

Top Quizzes Today


Score Distribution

Your Account Isn't Verified!

In order to create a playlist on Sporcle, you need to verify the email address you used during registration. Go to your Sporcle Settings to finish the process.

Report this User

Report this user for behavior that violates our Community Guidelines.

Details: